النظم الإجتماعية و التربوية عند الإباضية في شمال إفريقيا في مرحلة الكتمان / (رقم التسجيلة. 6215)

تفاصيل مارك
000 -LEADER
fixed length control field 00502nam a22001577a 4500
005 - DATE AND TIME OF LATEST TRANSACTION
control field 20251108164212.0
008 - FIXED-LENGTH DATA ELEMENTS--GENERAL INFORMATION
fixed length control field 250721s1982 xx 000 0 ara d
082 14 - DEWEY DECIMAL CLASSIFICATION NUMBER
Classification number 215.3/خلي
100 1# - MAIN ENTRY--PERSONAL NAME
Personal name خليفات، عوض محمد
245 10 - TITLE STATEMENT
Title النظم الإجتماعية و التربوية عند الإباضية في شمال إفريقيا في مرحلة الكتمان /
264 1# - PRODUCTION, PUBLICATION, DISTRIBUTION, MANUFACTURE, AND COPYRIGHT NOTICE
Place of production, publication, distribution, manufacture عمان :
Date of production, publication, distribution, manufacture, or copyright notice 1982.
300 ## - PHYSICAL DESCRIPTION
Extent 151ص.
650 17 - SUBJECT ADDED ENTRY--TOPICAL TERM
Topical term or geographic name as entry element الأباضية
942 ## - ADDED ENTRY ELEMENTS (KOHA)
Source of classification or shelving scheme Dewey Decimal Classification
Koha item type كتب
المقتنيات
حالة السحب حالة الفقدان مصدر التصنيف حالة التلف غير قابل للإعارة المكتبة الرئيسية المكتبة الحالية موقع الرف تاريخ التزويد الرقم المتسلسل Total Checkouts رقم الإستدعاء تاريخ آخر ظهور تاريخ الفاتورة نوع المادة (كوها) الباركود
    Dewey Decimal Classification     مكتبة أبو علندا العامة مكتبة أبو علندا العامة الإعارة 04/10/2015 (1619)   215.3/خلي 28/07/2025 04/10/2015 كتب PLD00351124
    Dewey Decimal Classification Unchecked   مكتبة الحسن العامة مكتبة الحسن العامة الإعارة 06/07/2004 1918   215.3/خلي 28/07/2025 06/07/2004 كتب  
    Dewey Decimal Classification     مكتبة صويلح العامة مكتبة صويلح العامة الإعارة 20/10/2015 [1605   215.3/خلي 28/07/2025 20/10/2015 كتب PLD00357895
Implemented & Customized by: BBB with SCIT (Smart Chains for Information Technology)

Powered by Koha